000 01546nam a2200277 a 4500
001 BS0003347
003 BR-BrBNA
005 20230418192305.0
008 230308b |||||||| |||| 00| 0 por d
040 _aBR-BrBNA
_bpor
_cBiblioteca Nacional de Agricultura
041 _apor
072 _aR10
090 _aR10 BS0003347
100 1 _aGarcia, Othon M.
245 1 _aComunicação em prosa moderna: Aprenda a escrever, aprendendo a pensar /
250 1 _a27. ed.
260 3 _aRio de Janeiro, RJ:
_bEditora FGU,
_c2010.
300 _a548 p.
500 _aGrafia atualizada segundo o Acordo Ortografico da Língua Portuguesa em vigor no Brasil desde 2009..
520 3 _aComunicação em prosa moderna, decorridos 43 anos da sua primeira edição, já é reconhecidamente um clássico. Constitui obra pioneira na sistematização dos elementos lógicos e linguísticos imprescindíveis à boa organização do pensamento para a elaboração de textos consistentes, claros e coerentes. Corretos, enfim, na sua mais ampla acepção, que vai muito além da noção restrita de correção gramatical. O livro, que atende a uma vasta gama de interessados no assunto, servindo a estudantes de variados níveis e áreas, a professores de língua portuguesa no seu trabalho didático e, cada vez mais, a estudiosos da importantíssima especialidade de produção textual, mantém-se plenamente atual.
650 _aPORTUGUÊS
650 _aCOMUNICAÇÃO
650 _aGRAMÁTICA
909 _a202304
_bSergio Santos
_c56
_dSergio Santos
942 _cBK
999 _c8410
_d8410